Statistics for American Countries by First 2 Letters With a Proper Map

Click here to take the quiz!

General Stats

  • This quiz has been taken 226 times
  • The average score is 34 of 35

Answers on the Map

Answers color-coded by a green-red scale on the quiz's map according to % correct below.
 

Answer Stats

Country% Correct
Brazil
100%
Canada
100%
Mexico
100%
United States
100%
Argentina
99%
Chile
99%
Colombia
99%
Costa Rica
99%
Cuba
99%
Panama
99%
Paraguay
99%
Peru
99%
Venezuela
99%
Guatemala
98%
Guyana
98%
Nicaragua
98%
Uruguay
98%
Bahamas
97%
Barbados
97%
Dominica
97%
Dominican Republic
97%
Haiti
97%
Belize
96%
Bolivia
96%
Ecuador
96%
Honduras
96%
Suriname
95%
El Salvador
94%
Saint Kitts and
Nevis
94%
Saint Lucia
94%
Saint Vincent and the
Grenadines
94%
Jamaica
93%
Trinidad and Tobago
92%
Antigua and Barbuda
90%
Grenada
87%

Score Distribution

Percentile by Number Answered

Percent of People with Each Score

Your Score History

You have not taken this quiz